Digital Design (Record no. 208647)

MARC details
000 -LEADER
fixed length control field 00410nam a2200157Ia 4500
008 - FIXED-LENGTH DATA ELEMENTS--GENERAL INFORMATION
fixed length control field 230714s9999 xx 000 0 und d
041 ## - LANGUAGE CODE
Language code of text/sound track or separate title eng
082 ## - DEWEY DECIMAL CLASSIFICATION NUMBER
Classification number 621.395
Item number WAK
100 ## - MAIN ENTRY--PERSONAL NAME
Personal name Wakerly J.F.
245 ## - TITLE STATEMENT
Title Digital Design
Remainder of title Principles And Practices
250 ## - EDITION STATEMENT
Edition statement 4th ed.
260 ## - PUBLICATION, DISTRIBUTION, ETC. (IMPRINT)
Name of publisher, distributor, etc. Pearson Education
365 ## - TRADE PRICE
Currency code Rs.
Price amount 625.00
700 ## - ADDED ENTRY--PERSONAL NAME
Personal name Wakerly J.F.
906 ## - LOCAL DATA ELEMENT F, LDF (RLIN)
d B:349402-Aug-2013
c ETC
b 2731.25

No items available.